000 00372nam a2200145Ia 4500
008 230917s9999||||xx |||||||||||||| ||und||
040 _e128912
_aMAIN
041 _aEnglish
082 _a820.016 L846E
100 _aLongmans
245 0 _aEnglish literature: From the 16th century to the present
260 _aLondon
_bLongmans
_c1965
300 _a161 p.
942 _cBK
999 _c193205
_d193205